000 00472nam a22001817a 4500
003 CEME
005 20210628202630.0
008 210210b xxu||||| |||| 00| 0 eng d
020 _a81-7808-018-4
040 _c.
082 _a005.133-J HOR
100 _aHorstmann, Cay.S,Cornell, Gary
_960798
245 _aCore java 2,vol-ii advanced features
260 _aINDIA
_bSUN MICROSYSTEMS PRESS
_c2000
300 _aXXI,920P
650 _aJAVA 2
_956762
942 _cBK
_2ddc
999 _c570434
_d570434